Geografía de Francia / (Record no. 124346)

MARC details
000 -LEADER
campo de control de longitud fija 00715nam a2200217 i 4500
001 - NÚMERO DE CONTROL
campo de control 124346
003 - IDENTIFICADOR DE NÚMERO DE CONTROL
campo de control ES-MaACL
005 - FECHA Y HORA DE LA ÚLTIMA TRANSACCIÓN
campo de control 20250813062601.0
008 - DATOS DE LONGITUD FIJA--INFORMACIÓN GENERAL
campo de control de longitud fija 070322s1927 sp abf |||| | spa d
080 ## - NÚMERO DE LA CLASIFICACIÓN DECIMAL UNIVERSAL
Número de la Clasificación Decimal Universal 913(44)
100 1# - ENTRADA PRINCIPAL--NOMBRE DE PERSONA
Nombre de persona Scheu, Erwin.
9 (RLIN) 104320
245 10 - MENCIÓN DEL TÍTULO
Título Geografía de Francia /
Mención de responsabilidad, etc. Erwin Scheu ; traducción de Leonardo Martín Echeverría.
260 ## - PUBLICACIÓN, DISTRIBUCIÓN, ETC.
Lugar de publicación, distribución, etc. Barcelona :
Nombre del editor, distribuidor, etc. Labor,
Fecha de publicación, distribución, etc. [1927]
300 ## - DESCRIPCIÓN FÍSICA
Extensión 176 p., XVI p. de lám., 1 h. pleg. de mapa :
Otras características físicas il. ;
Dimensiones 17 cm.
490 1# - MENCIÓN DE SERIE
Mención de serie Colección Labor ;
Designación de volumen o secuencia 103
651 #4 - PUNTO DE ACCESO ADICIONAL DE MATERIA--NOMBRE GEOGRÁFICO
Nombre geográfico Francia-
Subdivisión general Geografía.
9 (RLIN) 137174
700 1# - ENTRADA AGREGADA--NOMBRE PERSONAL
Nombre de persona Martín Echeverría, Leonardo.
9 (RLIN) 77479
830 00 - PUNTO DE ACCESO ADICIONAL DE SERIE-TÍTULO UNIFORME
Título uniforme Colección Labor
Designación de volumen o secuencia 103
9 (RLIN) 184254
852 ## - LOCALIZACIÓN
Ubicación ES-MaACL
Número de control de estantería E-2636
Holdings
Estatus retirado Estado de pérdida Estado de daño No para préstamo Biblioteca de origen Biblioteca actual Ubicación en estantería Fecha de adquisición Fuente de adquisición Total de préstamos Signatura topográfica completa Código de barras Visto por última vez Precio de reemplazo Tipo de ítem Koha
        Biblioteca del Ateneo de Madrid Biblioteca del Ateneo de Madrid Depósito 2 17/01/2008     E-2636 1129546 23/02/2023 23/02/2023 Libro impreso